MARC

LEADER 00000nam a2200000 a 4500
001 vtls010274536
003 SK-MaSNL
005 20260311130704.0
008 251029s2010 xr n 001 0dcze
015 |a SNBZSA2012-00332 
020 |a 9788072944026  |q (brož.) 
035 |a 0ED29A6F-EDF4-4CF1-9C60-B3E2E1810F03 
035 |a urn:nbn:sk:snk-amjhp9 
035 |a urn:nbn:sk:snk-am002goh 
040 |a SNK  |b slo  |c SNK  |e AACR2 
041 0 |a cze  |b eng 
043 |a e-cs--- 
044 |a xr  |c CZ 
072 7 |a 82  |x Literatúra. Literárny život  |2 konspekt 
080 |a 821.162.3.09  |2 2001 
080 |a 821.162.3-051  |2 2001 
080 |a 821.162.4-051  |2 2001 
080 |a 304.2/.4  |2 2001 
080 |a 94(437)"1968"  |2 2001 
080 |a 328/329  |2 2001 
080 |a (437)  |2 2001 
080 |a (048.8)  |2 2001 
080 |a 82:32  |2 2001 
080 |a 821.162.4.09  |2 2001 
080 |a 316.323.72  |2 2001 
100 1 |a Mervart, Jan,  |d 1980-  |4 aut  |9 239341 
245 1 0 |a Naděje a iluze  |b čeští a slovenští spisovatelé v reformním hnutí šedesátých let  |c Jan Mervart 
246 3 0 |a Čeští a slovenští spisovatelé v reformním hnutí šedesátých let 
250 |a Vyd. 1. 
260 |a Brno  |b Host  |c 2010 
300 |a 376 s.  |c 21 cm 
490 1 |a Studium  |v sv. 33 
504 |a Bibliogr. s. 349-357. Reg. 
546 |a Res. angl. 
610 2 7 |a Svaz československých spisovatelů  |2 SNKKA  |9 220543 
648 7 |a 1963-1968  |2 SNK  |9 432668 
648 7 |a 20. stor.  |2 snkph  |9 275975 
650 0 7 |a česká literatúra  |2 SNKPH  |9 1178 
650 0 7 |a spoločnosť a politika  |2 SNKPH  |9 1526 
650 0 7 |a českí spisovatelia  |2 SNKPH  |9 82537 
650 0 7 |a slovenskí spisovatelia  |2 SNKPH  |9 1258 
650 0 7 |a literárny život  |2 SNKPH  |9 3769 
650 0 7 |a Pražská jar (1968 : Československo)  |2 SNKPH  |9 68802 
650 0 7 |a literature and politics  |2 SNKPHeng  |9 283114 
650 0 7 |a Society and policy  |2 SNKPHeng  |9 299290 
650 0 7 |a Czech authors  |2 SNKPHeng  |9 281656 
650 0 7 |a Slovak authors  |2 SNKPHeng  |9 268018 
650 0 7 |a Literary life  |2 SNKPHeng  |9 265321 
650 0 7 |a Prague Spring, 1968  |2 SNKPHeng  |9 309826 
650 0 7 |a slovenská literatúra  |2 SNKPH  |9 1115 
650 0 7 |a literatúra a politika  |2 SNKPH  |9 67009 
650 0 7 |a kultúrna politika  |2 snkph  |9 66926 
651 7 |a Československo  |2 SNKPH  |9 21376 
651 7 |a Czechoslovakia  |2 SVKBBPHeng  |9 265183 
655 7 |a monografie  |2 SNKPH  |9 70139 
655 7 |a Studies  |2 SNKPHeng  |9 265573 
830 0 |a Studium  |9 304026 
852 |a Štátna vedecká knižnica v Banskej Bystrici 
919 |a 978-80-7294-402-6 
958 |a ZS 
958 |a CZ 
958 |a LX 
958 |a BX 
958 |a NB 
999 |c 749361  |d 751291 
952 |a SNK  |b SNK  |y PREZ  |7 0  |p 17A0705338  |o snkSC 145881  |i snk2011/14130  |8 2  |g 11.15  |0 0  |1 0  |4 0  |d 2011-04-29  |l 0  |r 2025-07-15 00:00:00  |w 2026-02-23 
952 |a SNK  |b SNK  |y VYP  |7 0  |p 17A0716934  |o snkSC 145881 D1  |i snk2011/17912  |8 4  |g 12.35  |0 0  |1 0  |4 0  |d 2011-08-02  |f 1  |l 0  |r 2026-02-23 23:27:17  |w 2026-02-23